<?xml version='1.0' encoding='UTF-8'?>
  <record xmlns="http://www.loc.gov/MARC21/slim">
    <leader>00000cam a2200000 i 4500</leader>
    <controlfield tag="001">ocn902599543</controlfield>
    <controlfield tag="003">OCoLC</controlfield>
    <controlfield tag="005">20260119053937.0</controlfield>
    <controlfield tag="008">150130q14731473gw            000 0 lat d</controlfield>
    <datafield tag="040" ind1=" " ind2=" ">
      <subfield code="a">NLGGC</subfield>
      <subfield code="b">eng</subfield>
      <subfield code="e">rda</subfield>
      <subfield code="e">dcrmr</subfield>
      <subfield code="c">NLGGC</subfield>
      <subfield code="d">OCLCL</subfield>
      <subfield code="d">OCLCQ</subfield>
      <subfield code="d">QGJ</subfield>
    </datafield>
    <datafield tag="029" ind1="0" ind2=" ">
      <subfield code="a">NLGGC</subfield>
      <subfield code="b">388958251</subfield>
    </datafield>
    <datafield tag="035" ind1=" " ind2=" ">
      <subfield code="a">(OCoLC)902599543</subfield>
    </datafield>
    <datafield tag="100" ind1="0" ind2=" ">
      <subfield code="a">Franciscus,</subfield>
      <subfield code="c">de Mayronis,</subfield>
      <subfield code="d">approximately 1285-approximately 1328,</subfield>
      <subfield code="e">author.</subfield>
      <subfield code="4">aut</subfield>
      <subfield code="1">https://id.oclc.org/worldcat/entity/E39PBJpymck9Dd9R3CwbWHD6rq</subfield>
    </datafield>
    <datafield tag="245" ind1="1" ind2="0">
      <subfield code="a">Flores beati augustini extracti per veritates ex libris de ciuitate dei /</subfield>
      <subfield code="c">per magistrum franciscum de mayronis de ordine fratrum minorum.</subfield>
    </datafield>
    <datafield tag="246" ind1="1" ind2=" ">
      <subfield code="i">Title according to ISTC and IDL:</subfield>
      <subfield code="a">Flores Augustini ex libris De civitate dei extracti</subfield>
    </datafield>
    <datafield tag="246" ind1="1" ind2=" ">
      <subfield code="i">Title according to GW:</subfield>
      <subfield code="a">Flores ex libris de civitate dei Augustini</subfield>
    </datafield>
    <datafield tag="264" ind1=" " ind2="1">
      <subfield code="a">[Cologne] :</subfield>
      <subfield code="b">[Printer of the 'Flores Sancti Augustini' (Johann Schilling)],</subfield>
      <subfield code="c">[approximately 1473]</subfield>
    </datafield>
    <datafield tag="300" ind1=" " ind2=" ">
      <subfield code="a">[100] leaves ;</subfield>
      <subfield code="c">29 cm (folio)</subfield>
    </datafield>
    <datafield tag="336" ind1=" " ind2=" ">
      <subfield code="a">text</subfield>
      <subfield code="b">txt</subfield>
      <subfield code="2">rdacontent</subfield>
    </datafield>
    <datafield tag="337" ind1=" " ind2=" ">
      <subfield code="a">unmediated</subfield>
      <subfield code="b">n</subfield>
      <subfield code="2">rdamedia</subfield>
    </datafield>
    <datafield tag="338" ind1=" " ind2=" ">
      <subfield code="a">volume</subfield>
      <subfield code="b">nc</subfield>
      <subfield code="2">rdacarrier</subfield>
    </datafield>
    <datafield tag="340" ind1=" " ind2=" ">
      <subfield code="m">folio</subfield>
      <subfield code="2">rdabf</subfield>
    </datafield>
    <datafield tag="340" ind1=" " ind2=" ">
      <subfield code="k">2 columns</subfield>
    </datafield>
    <datafield tag="500" ind1=" " ind2=" ">
      <subfield code="a">Title and statement of responsibility from incipit (leaf [2] recto), which reads: Incipit Flores beati augustini extracti per veritates ex libris de ciuitate dei per magistrum franciscum de mayronis de ordine fratrum minorum.</subfield>
    </datafield>
    <datafield tag="500" ind1=" " ind2=" ">
      <subfield code="a">Publication statement from ISTC.</subfield>
    </datafield>
    <datafield tag="500" ind1=" " ind2=" ">
      <subfield code="a">Printer of the 'Flores Augustini' also identified with Jan Veldener (cf. GW).</subfield>
    </datafield>
    <datafield tag="500" ind1=" " ind2=" ">
      <subfield code="a">Leaf [1] recto: Quidquid nota dignu[m] ex omnib[us] beati augustini de ciuitate dei elega[n]tissimis libris colligi potest id omne diuini iuris i[n]terprete p[ro]batissimo francisco de mayronis auto[r]e per veritates suis cum declarationib[u]s ingeniosissi[m]e extractum hoc eme[n]datissimo volumine imp[re]ssum scire ne pigeat. ...</subfield>
    </datafield>
    <datafield tag="500" ind1=" " ind2=" ">
      <subfield code="a">Explicit flores (leaf [84] verso): Expliciunt flo[r]es beati augustini extracti per veritates ex libris de ciuitate dei per famosissimum sacre pagine professorem fra[n]ciscum de mayronis ordinis fratrum mino[rum].</subfield>
    </datafield>
    <datafield tag="500" ind1=" " ind2=" ">
      <subfield code="a">Contains index (leaf [85] recto [97] verso, with incipit: Incipit tabula presentis operis.</subfield>
    </datafield>
    <datafield tag="500" ind1=" " ind2=" ">
      <subfield code="a">Contains also (leaf [88] recto-[99] verso: De commemoratione defunctorum, with caption: De commemorac[i]o[n]e defuncto[rum] vel de missa p[ro] eis. et cur terci[us]. septimus. [et] tricesimus aut anniuersarius dies celebrentur. At end: De [com]memorac[i]o[n]e missa ceterisq[ue] defu[n]ctoru[m] exequijs etsi dici plura possent hec t[a]m[en] [com]pendiosissime dicta sufficiant. Finis feliciter.</subfield>
    </datafield>
    <datafield tag="500" ind1=" " ind2=" ">
      <subfield code="a">Text printed in two columns.</subfield>
    </datafield>
    <datafield tag="500" ind1=" " ind2=" ">
      <subfield code="a">Capital spaces, most with guide letters.</subfield>
    </datafield>
    <datafield tag="500" ind1=" " ind2=" ">
      <subfield code="a">Signatures: [a-k¹⁰], [a]1v and k10 are blank.</subfield>
    </datafield>
    <datafield tag="510" ind1="4" ind2=" ">
      <subfield code="a">Incunabula short title catalogue (ISTC),</subfield>
      <subfield code="c">im00087000</subfield>
      <subfield code="u">https://data.cerl.org/istc/im00087000</subfield>
    </datafield>
    <datafield tag="510" ind1="4" ind2=" ">
      <subfield code="a">Gesamtkatalog der Wiegendrucke,</subfield>
      <subfield code="c">M22439</subfield>
      <subfield code="u">https://www.gesamtkatalogderwiegendrucke.de/docs/M22439.htm</subfield>
    </datafield>
    <datafield tag="510" ind1="4" ind2=" ">
      <subfield code="a">Incunabula in Dutch Libraries,</subfield>
      <subfield code="c">3178</subfield>
    </datafield>
    <datafield tag="510" ind1="4" ind2=" ">
      <subfield code="a">Bayerische Staatsbibliothek Inkunabelkatalog,</subfield>
      <subfield code="c">F-242</subfield>
      <subfield code="u">https://inkunabeln.digitale-sammlungen.de/Ausgabe_F-242.html</subfield>
    </datafield>
    <datafield tag="600" ind1="0" ind2="0">
      <subfield code="a">Augustine,</subfield>
      <subfield code="c">of Hippo, Saint,</subfield>
      <subfield code="d">354-430.</subfield>
      <subfield code="1">https://id.oclc.org/worldcat/entity/E39PBJmDhMY9wQ8PqWFFxJfDv3</subfield>
    </datafield>
    <datafield tag="650" ind1=" " ind2="0">
      <subfield code="a">Kingdom of God.</subfield>
    </datafield>
    <datafield tag="650" ind1=" " ind2="0">
      <subfield code="a">Apologetics.</subfield>
    </datafield>
    <datafield tag="650" ind1=" " ind2="6">
      <subfield code="a">Royaume de Dieu.</subfield>
    </datafield>
    <datafield tag="650" ind1=" " ind2="6">
      <subfield code="a">Apologétique.</subfield>
    </datafield>
    <datafield tag="650" ind1=" " ind2="7">
      <subfield code="a">Kingdom of God</subfield>
      <subfield code="2">fast</subfield>
    </datafield>
    <datafield tag="650" ind1=" " ind2="7">
      <subfield code="a">Incunabula</subfield>
      <subfield code="2">fast</subfield>
    </datafield>
    <datafield tag="655" ind1=" " ind2="2">
      <subfield code="a">Incunabula</subfield>
    </datafield>
    <datafield tag="655" ind1=" " ind2="7">
      <subfield code="a">incunabula (books)</subfield>
      <subfield code="2">aat</subfield>
    </datafield>
    <datafield tag="655" ind1=" " ind2="7">
      <subfield code="a">Incunables.</subfield>
      <subfield code="2">rvmgf</subfield>
    </datafield>
    <datafield tag="700" ind1="0" ind2="2">
      <subfield code="i">Abstract of work:</subfield>
      <subfield code="a">Augustine,</subfield>
      <subfield code="c">of Hippo, Saint,</subfield>
      <subfield code="d">354-430.</subfield>
      <subfield code="t">De civitate Dei.</subfield>
    </datafield>
    <datafield tag="700" ind1="0" ind2=" ">
      <subfield code="a">Printer of the 'Flores Sancti Augustini',</subfield>
      <subfield code="e">printer.</subfield>
      <subfield code="4">prt</subfield>
    </datafield>
    <datafield tag="700" ind1="1" ind2=" ">
      <subfield code="a">Solidi, Johannes,</subfield>
      <subfield code="d">active 1473-1478,</subfield>
      <subfield code="e">printer,</subfield>
      <subfield code="e">attributed name.</subfield>
      <subfield code="4">prt</subfield>
      <subfield code="4">att</subfield>
      <subfield code="1">https://id.oclc.org/worldcat/entity/E39PCjxFBPVtTbjYCT8PQ3PYT3</subfield>
    </datafield>
    <datafield tag="700" ind1="1" ind2=" ">
      <subfield code="a">Veldener, Johann,</subfield>
      <subfield code="d">active 1473-1486,</subfield>
      <subfield code="e">printer,</subfield>
      <subfield code="e">attributed name.</subfield>
      <subfield code="4">prt</subfield>
      <subfield code="4">att</subfield>
      <subfield code="1">https://id.oclc.org/worldcat/entity/E39PBJwhxptKFqpPRbTtgQr6rq</subfield>
    </datafield>
    <datafield tag="740" ind1="0" ind2=" ">
      <subfield code="a">De commemoratione defunctorum</subfield>
    </datafield>
    <datafield tag="740" ind1="0" ind2=" ">
      <subfield code="a">De commemorac[i]o[n]e defuncto[rum] vel de missa p[ro] eis</subfield>
    </datafield>
    <datafield tag="752" ind1=" " ind2=" ">
      <subfield code="a">Germany</subfield>
      <subfield code="d">Cologne,</subfield>
      <subfield code="e">publication place.</subfield>
      <subfield code="4">pup</subfield>
    </datafield>
    <datafield tag="758" ind1=" " ind2=" ">
      <subfield code="a">Flores Augustini ex libris De civitate Dei extracti (Text)</subfield>
      <subfield code="1">https://id.oclc.org/worldcat/entity/E39PCXRqR7xXJWPbhhrCxqFYKb</subfield>
      <subfield code="4">https://id.oclc.org/worldcat/ontology/hasWork</subfield>
    </datafield>
    <datafield tag="936" ind1=" " ind2=" ">
      <subfield code="a">BATCHLOAD</subfield>
    </datafield>
  </record>